|
|
|
|
| LEADER |
00676nam a22002177a 4500 |
| 001 |
AAL7819 |
| 003 |
BD-DhAAL |
| 005 |
20160119193834.0 |
| 008 |
160119m19791971nau||||| |||| 00| 0 eng d |
| 020 |
|
|
|a 0330234234
|
| 040 |
|
|
|a BD-DhAAL
|c BD-DhAAL
|
| 082 |
|
|
|a 813.54
|
| 100 |
|
|
|a Sharpe, Tom
|9 17452
|
| 245 |
|
|
|a Riotous assembly /
|c Tom Sharpe
|
| 260 |
|
|
|a London :
|b Pan Books,
|c 1979.
|
| 300 |
|
|
|a 203 p. ;
|c 18 cm.
|
| 541 |
|
|
|e 7819
|
| 650 |
|
|
|a Fiction
|9 17453
|
| 942 |
|
|
|2 ddc
|c BK
|
| 999 |
|
|
|c 36641
|d 36641
|
| 952 |
|
|
|0 0
|1 0
|2 ddc
|4 0
|6 813_540000000000000_SHA
|7 0
|9 57643
|a SCL
|b SCL
|c GEN
|d 2016-01-19
|e Gift:
|l 4
|m 23
|o 813.54 SHA
|p 3020007819
|r 2019-04-01
|s 2018-09-24
|t 1
|w 2016-01-19
|y BK
|